000 01367nam a2200265 a 4500
001 BRCA_1230
005 20190320203334.0
008 850919s1986 nyua---##b---#000-0#eng-#
050 4 _aND343
_b.G56 1986
245 1 0 _aGloria in Excelsis
_bthe Virgin and Angels in Viceregal Painting of Peru and Bolivia
_cdirector John Stringer ; guest curator Barbara Duncan ; guest curator Teresa Gisbert.
260 _aNueva York
_bCenter for Inter-American Relations
_c1986
300 _a96 p.
_bil. (algunas a color)
_c27 cm.
500 _aCatálogo de la exposición realizada en Center for Inter-American Relations (Nueva York), 12 novimebre, 1985 - 10 febrero, 1986, en Archer M. Huntington Art Gallery (University of Texas at Austin), 23 marzo - 4 mayo, 1986 y en Center for the Fine Arts (Miami), 19 mayo - 20 julio, 1986
504 _aBibliografía : p. 83-86
600 1 4 _aVirgen María en el arte
_vExposiciones
_94034
650 1 4 _aÁngeles en el arte
_vExposiciones
_94035
650 1 4 _aPintura peruana
_vExposiciones
_93902
650 1 4 _aPintura colonial
_vExposiciones
_zPerú
_94036
650 1 4 _aPintura boliviana
_vExposiciones
_94037
650 1 4 _aPintura colonial
_vExposiciones
_zBolivia
_94038
650 1 4 _aSantos en el arte
_vExposiciones
_94039
700 1 _aDuncan, Barbara
_q(Barbara Doyle)
_94040
700 1 _aGisbert, Teresa
_d1926-
_94041
942 _2lcc
_cB
999 _c1100
_d1100